[Event "303rd YMCA Spring D"]
[Site "Warsaw"]
[Date "2025.05.27"]
[Round "6"]
[White "Szuszkiewicz, Stanislaw"]
[Black "Przybylik, Mariusz"]
[Result "1-0"]
[WhiteElo "1547"]
[BlackElo "1528"]
[PlyCount "105"]
[EventDate "2025.04.22"]
[EventType "tourn"]
[EventRounds "1"]
[EventCountry "POL"]
[SourceDate "2025.04.22"]

1. e4 e6 2. d4 d5 3. exd5 exd5 4. Bd3 Nc6 5. c3 Bd6 6. h3 Nge7 7. Nf3 Bf5 8.
O-O Qd7 9. Re1 O-O-O 10. Be3 h6 11. Bxf5 Nxf5 12. Nbd2 Rde8 13. Nf1 g5 14. Qd3
Nxe3 15. Nxe3 Ne7 16. b4 f5 17. a4 g4 18. hxg4 fxg4 19. Nh4 Bf4 20. Nef5 Nxf5
21. Nxf5 Kb8 22. a5 Rxe1+ 23. Rxe1 Re8 24. Rxe8+ Qxe8 25. Kf1 a6 26. g3 Bg5 27.
Ne3 Bxe3 28. Qxe3 Qxe3 29. fxe3 Kc8 30. Ke2 Kd7 31. Kd3 Ke6 32. e4 dxe4+ 33.
Kxe4 h5 34. c4 c6 35. Kf4 Kf6 36. d5 cxd5 37. cxd5 Kg6 38. d6 Kf6 39. d7 Ke7
40. Kg5 Kxd7 41. Kxh5 Kc6 42. Kxg4 Kb5 43. Kf4 Kxb4 44. g4 Kxa5 45. g5 b5 46.
g6 b4 47. g7 b3 48. g8=Q Ka4 49. Qc4+ Ka3 50. Qxa6+ Kb2 51. Ke3 Kb1 52. Kd3 b2
53. Kc3 1-0

[Event "303rd YMCA Spring D"]
[Site "Warsaw"]
[Date "2025.05.27"]
[Round "6"]
[White "Dabrowski, Leszek"]
[Black "Kozera, Konrad"]
[Result "0-1"]
[WhiteElo "1499"]
[BlackElo "1507"]
[PlyCount "66"]
[EventDate "2025.04.22"]
[EventType "tourn"]
[EventRounds "1"]
[EventCountry "POL"]
[SourceDate "2025.04.22"]

1. e4 e6 2. Nf3 d5 3. e5 c5 4. b4 cxb4 5. a3 Nc6 6. d4 Qb6 7. axb4 Bxb4+ 8. c3
Bf8 9. Bd3 Bd7 10. Na3 a6 11. Ng5 Nh6 12. Nxh7 Be7 13. Ng5 Nxd4 14. cxd4 Qxd4
15. Nc2 Qxe5+ 16. Qe2 Bb4+ 17. Kf1 Qc3 18. Nxb4 Qxa1 19. Qe1 Rc8 20. Bd2 Qxe1+
21. Kxe1 Ng4 22. Nf3 Bc6 23. Ke2 e5 24. Bf5 Bb5+ 25. Ke1 Rc4 26. Nxd5 Rh5 27.
Bd3 e4 28. Nf4 Ra4 29. Bxb5+ Rxb5 30. Ke2 exf3+ 31. gxf3 Re5+ 32. Be3 Nxe3 33.
fxe3 Rxf4 0-1

[Event "303rd YMCA Spring D"]
[Site "Warsaw"]
[Date "2025.05.27"]
[Round "6"]
[White "Momot, Glib"]
[Black "Chojnacki, Grzegorz"]
[Result "1-0"]
[WhiteElo "1608"]
[BlackElo "1466"]
[PlyCount "55"]
[EventDate "2025.04.22"]
[EventType "tourn"]
[EventRounds "1"]
[EventCountry "POL"]
[SourceDate "2025.04.22"]

1. e4 e6 2. d4 d5 3. exd5 exd5 4. Bd3 c5 5. dxc5 Bxc5 6. Ne2 Ne7 7. Bg5 Qb6 8.
Bxe7 Bxe7 9. Nbc3 d4 10. Bb5+ Bd7 11. Nxd4 Bxb5 12. Ndxb5 Na6 13. Qe2 O-O 14.
O-O Rfe8 15. Rfe1 Qc6 16. Nd4 Qd7 17. Nb3 Bb4 18. Qf3 Qc7 19. Nd4 Bxc3 20. bxc3
Qa5 21. Nf5 Rab8 22. Nd6 Red8 23. Qxf7+ Kh8 24. Nxb7 Qxc3 25. Nxd8 h6 26. Re8+
Kh7 27. Qf5+ g6 28. Re7+ 1-0

[Event "303rd YMCA Spring D"]
[Site "Warsaw"]
[Date "2025.05.29"]
[Round "6"]
[White "Knotek, Wiktor"]
[Black "Florczak, Witold"]
[Result "1/2-1/2"]
[WhiteElo "1562"]
[BlackElo "1494"]
[PlyCount "163"]
[EventDate "2025.04.22"]
[EventType "tourn"]
[EventRounds "1"]
[EventCountry "POL"]
[SourceDate "2025.04.22"]

1. f4 d5 2. Nf3 Bf5 3. e3 c5 4. b3 Nc6 5. Bb5 e6 6. Bb2 Rc8 7. O-O Nf6 8. d3
Bg4 9. Nbd2 Be7 10. h3 Bxf3 11. Qxf3 Qa5 12. Bxc6+ Rxc6 13. Qe2 O-O 14. g4 Nd7
15. c4 Bf6 16. Nf3 Bxb2 17. Qxb2 Qd8 18. Rf2 Qf6 19. Ne5 Nxe5 20. fxe5 Qg5 21.
Re1 b6 22. d4 dxc4 23. bxc4 cxd4 24. exd4 Rxc4 25. Qa3 Rc7 26. Ref1 Qe7 27. Rf3
Qxa3 28. Rxa3 Rd8 29. Rd1 Rd5 30. Kf2 Rcd7 31. g5 Rxe5 32. Rc1 Red5 33. Rxa7
Kf8 34. Rc8+ Ke7 35. Ra6 Rxd4 36. Rxb6 Rd2+ 37. Ke1 Rxa2 38. Rbb8 Raa7 39. Re8+
Kd6 40. Rb6+ Kc7 41. Reb8 Rd6 42. Rxd6 Kxd6 43. Rg8 g6 44. Rg7 Ke7 45. Rxh7 Ra3
46. h4 Rf3 47. Ke2 Rf5 48. Ke3 Kd6 49. Rh8 f6 50. gxf6 Rxf6 51. Ke4 Rf5 52. Rh6
Rh5 53. Rxg6 Rxh4+ 54. Ke3 Kd5 55. Rg8 Rh3+ 56. Ke2 e5 57. Rg5 Kd4 58. Rg8 Rh2+
59. Ke1 e4 60. Ra8 Rh1+ 61. Ke2 Rh2+ 62. Ke1 Rc2 63. Ra4+ Ke3 64. Ra3+ Kf4 65.
Ra8 Kf3 66. Ra7 Rc3 67. Kd2 Rd3+ 68. Ke1 Rb3 69. Rf7+ Ke3 70. Kd1 Rb1+ 71. Kc2
Ra1 72. Rf8 Ke2 73. Rh8 Rf1 74. Rh2+ Rf2 75. Rh8 e3 76. Rh1 Kf3+ 77. Kd1 Kg2
78. Rh8 Kf3 79. Rf8+ Kg2 80. Rh8 Kg3 81. Rg8+ Kf3 82. Rf8+ 1/2-1/2

[Event "303rd YMCA Spring D"]
[Site "Warsaw"]
[Date "2025.06.05"]
[Round "7"]
[White "Florczak, Witold"]
[Black "Fajks, Julian"]
[Result "0-1"]
[WhiteElo "1494"]
[BlackElo "1638"]
[PlyCount "94"]
[EventDate "2025.04.22"]
[EventType "tourn"]
[EventRounds "1"]
[EventCountry "POL"]
[SourceDate "2025.04.22"]

1. e4 c5 2. c3 Nf6 3. e5 Nd5 4. Nf3 Nc6 5. d4 cxd4 6. cxd4 d6 7. Bc4 Nb6 8. Bb3
d5 9. O-O Bg4 10. Be3 e6 11. h3 Bh5 12. Nbd2 Be7 13. Bc2 Rc8 14. a3 O-O 15. b3
Na5 16. Re1 Rxc2 17. Qxc2 Qd7 18. Rec1 Nc6 19. Qd1 a5 20. Nf1 a4 21. bxa4 Na5
22. Ra2 Nxa4 23. Ng3 Bg6 24. Bg5 b5 25. Bxe7 Qxe7 26. Qe1 Nc4 27. Qb4 Qxb4 28.
axb4 Nab2 29. Rca1 Nd3 30. Nh4 Nxb4 31. Nxg6 hxg6 32. Ra8 Nc2 33. Rxf8+ Kxf8
34. Ra8+ Ke7 35. Ne2 b4 36. Ra7+ Kd8 37. Rxf7 Kc8 38. Re7 b3 39. Rxe6 Nxd4 40.
Nxd4 b2 41. Re8+ Kb7 42. Re7+ Ka6 43. Re6+ Nb6 44. Rc6 b1=Q+ 45. Kh2 Qe4 46. e6
Qxd4 47. e7 Qe5+ 0-1

[Event "303rd YMCA Spring D"]
[Site "Warsaw"]
[Date "2025.06.03"]
[Round "7"]
[White "Chojnacki, Grzegorz"]
[Black "Kumik, Michal"]
[Result "0-1"]
[WhiteElo "1466"]
[BlackElo "1553"]
[PlyCount "104"]
[EventDate "2025.04.22"]
[EventType "tourn"]
[EventRounds "1"]
[EventCountry "POL"]
[SourceDate "2025.04.22"]

1. Nc3 d5 2. e4 dxe4 3. Nxe4 Nc6 4. Nf3 Bg4 5. Bb5 Qd5 6. Nc3 Qd7 7. d4 e6 8.
Ne5 Bxd1 9. Nxd7 Kxd7 10. Kxd1 a6 11. Bxc6+ Kxc6 12. a4 Rd8 13. Ne2 Nf6 14. f3
Bc5 15. c3 e5 16. Kc2 exd4 17. cxd4 Bxd4 18. Nxd4+ Rxd4 19. Be3 Rd6 20. b4 Re8
21. Rhe1 Nd5 22. Bc5 Rde6 23. Rxe6+ Rxe6 24. Kb3 b6 25. Bd4 g6 26. Rc1+ Kd7 27.
Kc4 Nf4 28. Rd1 Rd6 29. Rd2 Ne6 30. Be3 Rxd2 31. Bxd2 Kc6 32. Be3 b5+ 33. axb5+
axb5+ 34. Kc3 Kd5 35. Kd3 f5 36. g3 Nd8 37. Kc3 Nc6 38. Bc5 Ne5 39. f4 Nd7 40.
Bd4 Ke4 41. Bf2 Kf3 42. Be1 c5 43. bxc5 Nxc5 44. Kd4 Ne4 45. Ke5 Kg2 46. g4
fxg4 47. Kxe4 Kxh2 48. Bh4 g3 49. Kf3 g2 50. Bg3+ Kh1 51. Bf2 g1=Q 52. Bxg1
Kxg1 0-1

[Event "303rd YMCA Spring D"]
[Site "Warsaw"]
[Date "2025.06.05"]
[Round "7"]
[White "Kozera, Konrad"]
[Black "Momot, Glib"]
[Result "1/2-1/2"]
[WhiteElo "1507"]
[BlackElo "1608"]
[PlyCount "34"]
[EventDate "2025.04.22"]
[EventType "tourn"]
[EventRounds "1"]
[EventCountry "POL"]
[SourceDate "2025.04.22"]

1. e4 c5 2. Nc3 Nc6 3. f4 d6 4. Nf3 g6 5. Bc4 Bg7 6. O-O e6 7. d3 Nge7 8. Qe1
O-O 9. Qh4 Nd4 10. Nxd4 Bxd4+ 11. Kh1 Nc6 12. Qg3 Bf6 13. f5 Bh4 14. Qf4 Bf6
15. Qg3 Bh4 16. Qf4 Bf6 17. Qg3 Bh4 1/2-1/2

[Event "303rd YMCA Spring D"]
[Site "Warsaw"]
[Date "2025.06.03"]
[Round "7"]
[White "Przybylik, Mariusz"]
[Black "Dabrowski, Leszek"]
[Result "1-0"]
[WhiteElo "1528"]
[BlackElo "1499"]
[PlyCount "55"]
[EventDate "2025.04.22"]
[EventType "tourn"]
[EventRounds "1"]
[EventCountry "POL"]
[SourceDate "2025.04.22"]

1. d4 Nf6 2. Nf3 c5 3. e3 Nc6 4. c3 e6 5. Bd3 d5 6. O-O Bd6 7. Nbd2 cxd4 8.
exd4 O-O 9. Re1 Qc7 10. Qe2 Re8 11. Ne5 Nd7 12. Ndf3 f6 13. Nxd7 Qxd7 14. Be3
Qf7 15. Qd2 Qh5 16. Be2 Qf7 17. Bf4 Bxf4 18. Qxf4 e5 19. dxe5 fxe5 20. Qxf7+
Kxf7 21. Rad1 Be6 22. Bb5 Bg4 23. Rxd5 e4 24. Ng5+ Kg6 25. Nxe4 Be6 26. Rd6
Rad8 27. Bxc6 bxc6 28. Rxc6 1-0

[Event "303rd YMCA Spring D"]
[Site "Warsaw"]
[Date "2025.06.10"]
[Round "8"]
[White "Szuszkiewicz, Stanislaw"]
[Black "Dabrowski, Leszek"]
[Result "1-0"]
[WhiteElo "1547"]
[BlackElo "1499"]
[PlyCount "33"]
[EventDate "2025.04.22"]
[EventType "tourn"]
[EventRounds "1"]
[EventCountry "POL"]
[SourceDate "2025.04.22"]

1. e4 d5 2. exd5 Nf6 3. d4 Bg4 4. f3 Bf5 5. g4 Bg6 6. c4 h6 7. Nc3 e6 8. dxe6
Nc6 9. exf7+ Kxf7 10. Be3 Bb4 11. Qd2 Re8 12. O-O-O Nxg4 13. fxg4 Bxc3 14. bxc3
Be4 15. Bg2 Bxg2 16. Qxg2 Qe7 17. Qd5+ 1-0

[Event "303rd YMCA Spring D"]
[Site "Warsaw"]
[Date "2025.06.10"]
[Round "8"]
[White "Momot, Glib"]
[Black "Przybylik, Mariusz"]
[Result "1-0"]
[WhiteElo "1608"]
[BlackElo "1528"]
[PlyCount "108"]
[EventDate "2025.04.22"]
[EventType "tourn"]
[EventRounds "1"]
[EventCountry "POL"]
[SourceDate "2025.04.22"]

1. e4 c5 2. Nf3 Nc6 3. d4 cxd4 4. Nxd4 d6 5. Nc3 Nf6 6. f3 e5 7. Nb3 Be6 8. Be3
Be7 9. Be2 d5 10. exd5 Nxd5 11. Nxd5 Bxd5 12. O-O O-O 13. c3 Be6 14. Qc2 Bg5
15. Bf2 Be7 16. Bd3 h6 17. Rfd1 Qc7 18. Bf5 Bxf5 19. Qxf5 Rfd8 20. Qe4 Rxd1+
21. Rxd1 Rd8 22. Rd5 Rxd5 23. Qxd5 Qd6 24. Qxd6 Bxd6 25. Kf1 f5 26. Ke2 Kf7 27.
Kd3 Ke6 28. Kc4 a6 29. Nc5+ Bxc5 30. Kxc5 Kd7 31. Kd5 g6 32. g3 Ke7 33. Bc5+
Kf6 34. Bd6 g5 35. h3 h5 36. g4 hxg4 37. hxg4 fxg4 38. fxg4 a5 39. a4 Nd8 40.
Bxe5+ Kg6 41. Bc7 Nc6 42. Ke6 Kg7 43. Kf5 Ne7+ 44. Kxg5 Nd5 45. Be5+ Kg8 46.
Bd4 Ne7 47. Kf6 Nd5+ 48. Ke5 Ne7 49. Kd6 Ng6 50. Kc7 Nf4 51. Kxb7 Nd3 52. Ka6
Nxb2 53. Kxa5 Kf7 54. Kb5 Kg6 1-0

[Event "303rd YMCA Spring D"]
[Site "Warsaw"]
[Date "2025.06.10"]
[Round "8"]
[White "Kumik, Michal"]
[Black "Kozera, Konrad"]
[Result "1-0"]
[WhiteElo "1553"]
[BlackElo "1507"]
[PlyCount "55"]
[EventDate "2025.04.22"]
[EventType "tourn"]
[EventRounds "1"]
[EventCountry "POL"]
[SourceDate "2025.04.22"]

1. e4 c5 2. Nf3 d6 3. d4 cxd4 4. Nxd4 Nf6 5. Nc3 a6 6. h3 e5 7. Nde2 Be6 8. g4
Nc6 9. Bg2 Be7 10. O-O h6 11. Ng3 Nh7 12. Nf5 Bxf5 13. exf5 Qd7 14. Nd5 Bg5 15.
Nb6 Qd8 16. Nxa8 Qxa8 17. Qxd6 Bf6 18. Be3 h5 19. Rad1 Nf8 20. g5 Be7 21. Bxc6+
bxc6 22. Qxe5 Nd7 23. Qxg7 Rf8 24. Qd4 Qb7 25. f6 c5 26. Qxd7+ Qxd7 27. Rxd7
Kxd7 28. fxe7 1-0

[Event "303rd YMCA Spring D"]
[Site "Warsaw"]
[Date "2025.06.10"]
[Round "8"]
[White "Knotek, Wiktor"]
[Black "Chojnacki, Grzegorz"]
[Result "1-0"]
[WhiteElo "1562"]
[BlackElo "1466"]
[PlyCount "81"]
[EventDate "2025.04.22"]
[EventType "tourn"]
[EventRounds "1"]
[EventCountry "POL"]
[SourceDate "2025.04.22"]

1. b3 Nf6 2. Bb2 d5 3. Nf3 Nc6 4. g3 Bg4 5. Bg2 e6 6. d4 Bb4+ 7. c3 Bd6 8. Nbd2
Qe7 9. Rc1 O-O 10. O-O Ne4 11. Ne5 Nxd2 12. Nxc6 Qg5 13. f4 Qh5 14. Qxd2 bxc6
15. Rfe1 c5 16. c4 cxd4 17. Qxd4 f6 18. cxd5 e5 19. Qf2 exf4 20. gxf4 Rfe8 21.
e3 Re7 22. Rc4 Rae8 23. e4 Qh6 24. e5 fxe5 25. fxe5 Qg6 26. Qg3 Qh5 27. Qxg4
Qxg4 28. Rxg4 Bxe5 29. Rge4 Bd6 30. Rxe7 Bxe7 31. Ba3 Bc5+ 32. Bxc5 Rxe1+ 33.
Kf2 Re5 34. Bxa7 Re7 35. Bc5 Re8 36. a4 Re5 37. b4 Rf5+ 38. Ke3 Kf7 39. a5 Rf6
40. b5 Kg6 41. a6 1-0

[Event "303rd YMCA Spring D"]
[Site "Warsaw"]
[Date "2025.06.12"]
[Round "9"]
[White "Florczak, Witold"]
[Black "Szuszkiewicz, Stanislaw"]
[Result "1/2-1/2"]
[WhiteElo "1494"]
[BlackElo "1547"]
[PlyCount "127"]
[EventDate "2025.04.22"]
[EventType "tourn"]
[EventRounds "1"]
[EventCountry "POL"]
[SourceDate "2025.04.22"]

1. e4 e5 2. Nf3 Nf6 3. d4 Nxe4 4. Bd3 d5 5. O-O Be7 6. Nxe5 O-O 7. c4 Nf6 8.
Nc3 Be6 9. b3 c5 10. dxc5 Bxc5 11. cxd5 Nxd5 12. Nxd5 Bxd5 13. Bc4 Bxc4 14.
Qxd8 Rxd8 15. Nxc4 Nc6 16. Be3 Bxe3 17. Nxe3 Rd2 18. Nc4 Rd3 19. Rfd1 Rad8 20.
Rxd3 Rxd3 21. Kf1 Nd4 22. Rc1 Nc6 23. Ne5 Rd6 24. Nxc6 bxc6 25. Ke2 Kf8 26. Rc3
Ke7 27. Rd3 Re6+ 28. Re3 Kd6 29. Rxe6+ Kxe6 30. Kd3 Kd5 31. a3 Kc5 32. Kc3 a5
33. h4 f5 34. h5 f4 35. g3 fxg3 36. fxg3 g5 37. hxg6 hxg6 38. g4 g5 39. Kd3 Kd5
40. Ke3 Ke5 41. b4 a4 42. Kd3 Kf4 43. Kc4 Kxg4 44. Kc5 Kf3 45. Kxc6 g4 46. b5
g3 47. b6 g2 48. b7 g1=Q 49. b8=Q Qc1+ 50. Kd7 Qxa3 51. Qb7+ Ke3 52. Qb6+ Kd3
53. Qg6+ Kc4 54. Qe6+ Kc3 55. Qe3+ Kb2 56. Qe2+ Ka1 57. Qd1+ Ka2 58. Qc2+ Ka1
59. Qd1+ Kb2 60. Qd2+ Kb3 61. Qd3+ Kb4 62. Qd6+ Kb3 63. Qd3+ Kb2 64. Qd2+
1/2-1/2

[Event "303rd YMCA Spring D"]
[Site "Warsaw"]
[Date "2025.06.06"]
[Round "9"]
[White "Chojnacki, Grzegorz"]
[Black "Fajks, Julian"]
[Result "0-1"]
[WhiteElo "1466"]
[BlackElo "1638"]
[PlyCount "76"]
[EventDate "2025.04.22"]
[EventType "tourn"]
[EventRounds "1"]
[EventCountry "POL"]
[SourceDate "2025.04.22"]

1. Nc3 d5 2. e4 d4 3. Nce2 c5 4. Ng3 Nc6 5. Nf3 e5 6. Bc4 Be6 7. Bb5 f6 8. O-O
Nge7 9. d3 a6 10. Ba4 b5 11. Bb3 c4 12. dxc4 bxc4 13. Ba4 Qa5 14. b3 Kf7 15.
Ba3 c3 16. Ne1 Rc8 17. Nd3 Ng6 18. Bxf8 Rhxf8 19. Qh5 Nb4 20. Nxb4 Qxb4 21.
Rfd1 Kg8 22. Qe2 Nf4 23. Qxa6 Ra8 24. a3 Rxa6 25. axb4 Rb6 26. b5 h5 27. Kf1 h4
28. Ne2 Ng6 29. h3 f5 30. exf5 Bxf5 31. b4 Kh7 32. Bb3 Rxb5 33. Ra4 Rfb8 34.
Rb1 Kh6 35. Bc4 Bxc2 36. Nxd4 exd4 37. Bxb5 Rxb5 38. Ra5 Bxb1 0-1

[Event "303rd YMCA Spring D"]
[Site "Warsaw"]
[Date "2025.06.17"]
[Round "9"]
[White "Kozera, Konrad"]
[Black "Knotek, Wiktor"]
[Result "1-0"]
[WhiteElo "1507"]
[BlackElo "1562"]
[PlyCount "47"]
[EventDate "2025.04.22"]
[EventType "tourn"]
[EventRounds "1"]
[EventCountry "POL"]
[SourceDate "2025.04.22"]

1. e4 e5 2. Nf3 Nc6 3. d4 exd4 4. Nxd4 Bc5 5. Be3 Bxd4 6. Bxd4 Nxd4 7. Qxd4 f6
8. Nc3 Ne7 9. O-O-O O-O 10. Bc4+ Kh8 11. h4 d6 12. f4 Nc6 13. Qe3 Bg4 14. Rd2
a6 15. h5 Na5 16. Bf1 f5 17. Rd5 b5 18. Qd3 fxe4 19. Qg3 Bf5 20. h6 g6 21. Rh5
Qf6 22. Rdxf5 gxf5 23. Nd5 Qd4 24. c3 1-0

[Event "303rd YMCA Spring D"]
[Site "Warsaw"]
[Date "2025.06.17"]
[Round "9"]
[White "Dabrowski, Leszek"]
[Black "Momot, Glib"]
[Result "0-1"]
[WhiteElo "1499"]
[BlackElo "1608"]
[PlyCount "72"]
[EventDate "2025.04.22"]
[EventType "tourn"]
[EventRounds "1"]
[EventCountry "POL"]
[SourceDate "2025.04.22"]

1. e4 c5 2. Nc3 Nc6 3. f4 d6 4. Nf3 g6 5. Bc4 Bg7 6. O-O e6 7. d3 Nge7 8. Qe1
O-O 9. Bb3 a6 10. a4 d5 11. f5 dxe4 12. f6 exf3 13. fxg7 Kxg7 14. Rxf3 Nf5 15.
Ne4 Ncd4 16. Rh3 Nxb3 17. cxb3 Qd4+ 18. Kh1 h5 19. Bd2 Qd5 20. Kg1 e5 21. Qf2
Qd4 22. Bc3 Qxf2+ 23. Kxf2 Nd4 24. Rg3 h4 25. Re3 Nc2 26. Rd1 Nxe3 27. Kxe3 f6
28. Nxc5 b6 29. Ne4 Be6 30. b4 Bb3 31. Rf1 Bxa4 32. d4 Bb5 33. Rf2 exd4+ 34.
Bxd4 Rae8 35. Kf4 Bd3 36. Nxf6 Re4+ 0-1

[Event "303rd YMCA Spring D"]
[Site "Warsaw"]
[Date "2025.06.11"]
[Round "10"]
[White "Szuszkiewicz, Stanislaw"]
[Black "Momot, Glib"]
[Result "0-1"]
[WhiteElo "1547"]
[BlackElo "1608"]
[PlyCount "104"]
[EventDate "2025.04.22"]
[EventType "tourn"]
[EventRounds "1"]
[EventCountry "POL"]
[SourceDate "2025.04.22"]

1. e4 c5 2. Nf3 d6 3. d4 cxd4 4. Nxd4 Nf6 5. Nc3 a6 6. f3 e5 7. Nb3 Be6 8. Be3
Be7 9. Qd2 Nbd7 10. Be2 Rc8 11. O-O-O b5 12. g4 Nb6 13. h4 Nc4 14. Bxc4 bxc4
15. Na1 Qa5 16. Rde1 d5 17. exd5 Nxd5 18. Nxd5 Qxa2 19. Kd1 Bxd5 20. Ke2 Bc6
21. Qc3 f6 22. Kf2 Qa4 23. Rd1 Qb5 24. b3 Qb7 25. Rh3 Bd5 26. Qa5 Be6 27. Rhh1
Qb5 28. Qa2 Qc6 29. g5 f5 30. Kg2 f4 31. Bf2 Bg4 32. bxc4 Qxf3+ 33. Kg1 Qxd1+
34. Kh2 Qf3 35. Kg1 Rd8 36. Qa4+ Kf8 37. c3 Rd1+ 38. Qxd1 Qxd1+ 39. Kh2 Qf3 40.
Kg1 Bh3 41. Rxh3 Qxh3 42. Nc2 f3 43. Ne1 a5 44. c5 a4 45. c6 a3 46. c7 Kf7 47.
c8=Q Rxc8 48. Nxf3 Qxf3 49. g6+ hxg6 50. h5 a2 51. hxg6+ Kxg6 52. Bd4 a1=R+ 0-1

[Event "303rd YMCA Spring D"]
[Site "Warsaw"]
[Date "2025.06.19"]
[Round "10"]
[White "Kumik, Michal"]
[Black "Dabrowski, Leszek"]
[Result "1/2-1/2"]
[WhiteElo "1553"]
[BlackElo "1499"]
[PlyCount "129"]
[EventDate "2025.04.22"]
[EventType "tourn"]
[EventRounds "1"]
[EventCountry "POL"]
[SourceDate "2025.04.22"]

1. e4 c5 2. Nf3 g6 3. d4 cxd4 4. Nxd4 Bg7 5. Nc3 Nc6 6. Nb3 Nf6 7. Be3 d6 8. f3
Be6 9. Qd2 h5 10. O-O-O a5 11. a4 O-O 12. Be2 Ne5 13. Bh6 Bxb3 14. cxb3 Rc8 15.
Kb1 Ned7 16. Bxg7 Kxg7 17. Nd5 Nxd5 18. Qxd5 Qb6 19. Bc4 Ne5 20. f4 Ng4 21.
Qd4+ Qxd4 22. Rxd4 Ne3 23. Rg1 Rc5 24. g3 Rfc8 25. Rc1 R8c7 26. Rc3 Ng4 27. Rd2
Nf6 28. Re2 Nd7 29. Kc2 Nb8 30. Bb5 Nc6 31. Bxc6 R5xc6 32. Kd3 e6 33. e5 Rd7
34. Rxc6 bxc6 35. Kc3 d5 36. Kd4 Rb7 37. Re3 Kf8 38. Kc5 Ke7 39. Kxc6 Rb4 40.
Rd3 Rb8 41. Kc5 Kd7 42. Kd4 Rb4+ 43. Kc3 Kc6 44. Rd4 Kc5 45. Rxb4 axb4+ 46. Kd3
Kb6 47. Kd4 Kc6 48. a5 Kb5 49. a6 Kxa6 50. Kc5 Ka5 51. h4 d4 52. Kxd4 Kb5 53.
Kd3 Kc5 54. Ke4 Kc6 55. Kf3 Kd5 56. Ke3 Kc5 57. Kd3 Kd5 58. Ke3 Kc5 59. Ke4 Kc6
60. Kd4 Kb5 61. Ke4 Kc5 62. Kd3 Kd5 63. Ke3 Kc5 64. Ke4 Kc6 65. Kd4 1/2-1/2

[Event "303rd YMCA Spring D"]
[Site "Warsaw"]
[Date "2025.06.05"]
[Round "10"]
[White "Knotek, Wiktor"]
[Black "Przybylik, Mariusz"]
[Result "1/2-1/2"]
[WhiteElo "1562"]
[BlackElo "1528"]
[PlyCount "165"]
[EventDate "2025.04.22"]
[EventType "tourn"]
[EventRounds "1"]
[EventCountry "POL"]
[SourceDate "2025.04.22"]

1. g3 d5 2. d3 Nf6 3. Bg2 e6 4. b3 c5 5. Bb2 Nc6 6. Nf3 Be7 7. Nbd2 O-O 8. O-O
Bd7 9. e3 Rc8 10. c4 Nb4 11. Ne5 b5 12. a3 Na6 13. cxb5 Bxb5 14. Rc1 Bd6 15.
Ndf3 Be7 16. a4 Be8 17. Qd2 Nb4 18. d4 a5 19. dxc5 Ne4 20. Qe2 Nxc5 21. Nd2 Bf6
22. Bd4 Bxe5 23. Bxc5 Bd6 24. Bb6 Bc7 25. Bc5 $11 Bd6 26. Bb6 Qd7 27. Rxc8 Qxc8
28. Bxa5 Qc2 29. Qd1 Qc5 30. Bxb4 Qxb4 31. e4 d4 32. Nc4 Be7 33. Qxd4 Qxb3 34.
a5 Bb5 35. Nd2 Qc2 36. Ra1 Rd8 37. Qa7 Bc5 38. Qb7 Qxd2 39. Qxb5 Qxf2+ 40. Kh1
Ba7 41. Rf1 Qd2 42. Qb7 Qd7 43. Qxd7 Rxd7 44. Bf3 g6 45. a6 Rd2 46. Ra1 Rd6 47.
Kg2 Rd2+ 48. Kh3 Rf2 49. Bd1 Rf1 50. Rb1 Bd4 51. Rb8+ Kg7 52. Bc2 Ra1 53. Bd3
Ra3 54. Bb5 Kf6 55. Rd8 Be3 56. Rb8 h5 57. Kg2 Ke5 58. Be8 Rxa6 59. Bxf7 Kf6
60. Be8 Ra2+ 61. Kh1 Ra6 62. Rb1 e5 63. Kg2 Kg5 64. Rb2 Bd4 65. Re2 Ra1 66. Kh3
Kh6 67. Rc2 Ra6 68. Bf7 g5 69. Kg2 Rf6 70. Bd5 g4 71. Rc6 Rxc6 72. Bxc6 Kg5 73.
h3 gxh3+ 74. Kxh3 Be3 75. Bd7 Bd2 76. Bf5 Be1 77. Bc8 Bf2 78. Kg2 Bd4 79. Bf5
Bc3 80. Kf3 Be1 81. Bc8 Bc3 82. Bf5 Bd4 83. Bc8 $11 1/2-1/2

[Event "303rd YMCA Spring D"]
[Site "Warsaw"]
[Date "2025.06.12"]
[Round "10"]
[White "Fajks, Julian"]
[Black "Kozera, Konrad"]
[Result "1-0"]
[WhiteElo "1638"]
[BlackElo "1507"]
[PlyCount "73"]
[EventDate "2025.04.22"]
[EventType "tourn"]
[EventRounds "1"]
[EventCountry "POL"]
[SourceDate "2025.04.22"]

1. e4 e6 2. d4 d5 3. e5 c5 4. c3 Qb6 5. Nf3 Nc6 6. a3 c4 7. Nbd2 Na5 8. Rb1 Bd7
9. g3 Ne7 10. h4 Qc7 11. Bh3 h6 12. O-O Nc8 13. Ne1 Nb6 14. Ng2 Ba4 15. Qf3
O-O-O 16. Nf4 Qd7 17. h5 Bc2 18. Ra1 Be7 19. Kh2 Rhg8 20. Re1 Rdf8 21. Ng2 Bh7
22. Ne3 Kb8 23. a4 f6 24. exf6 Rxf6 25. Qg2 Bf5 26. Nxf5 exf5 27. Nf3 Bd6 28.
Ne5 Bxe5 29. Rxe5 Nb3 30. Bf4 Ka8 31. Rae1 g5 32. hxg6 Rgxg6 33. Re8+ Nc8 34.
Qxd5 Qc6 35. Qxc6 Rxc6 36. d5 Rc5 37. d6 1-0

[Event "303rd YMCA Spring D"]
[Site "Warsaw"]
[Date "2025.06.25"]
[Round "11"]
[White "Chojnacki, Grzegorz"]
[Black "Florczak, Witold"]
[Result "1-0"]
[WhiteElo "1466"]
[BlackElo "1494"]
[PlyCount "67"]
[EventDate "2025.04.22"]
[EventType "tourn"]
[EventRounds "1"]
[EventCountry "POL"]
[SourceDate "2025.04.22"]

1. Nc3 d5 2. e4 d4 3. Nce2 e5 4. Ng3 Nf6 5. Nf3 Bd6 6. Bc4 h6 7. d3 O-O 8. O-O
Nc6 9. a3 Ne7 10. Bd2 Ng6 11. c3 c5 12. Rc1 Bc7 13. b4 b6 14. Qb3 Bg4 15. Ne1
Nf4 16. f3 Be6 17. Kf2 Bxc4 18. Qxc4 Ne6 19. Nf5 Kh7 20. g4 Nd7 21. Ng2 Nf4 22.
cxd4 Nxg2 23. Kxg2 exd4 24. f4 g6 25. Nxd4 Qh4 26. h3 Ne5 27. fxe5 Bxe5 28. Ne2
Qe7 29. Bc3 cxb4 30. Bxb4 Bd6 31. Bxd6 Qxd6 32. Rxf7+ Rxf7 33. Qxf7+ Kh8 34.
Rc7 1-0

[Event "303rd YMCA Spring D"]
[Site "Warsaw"]
[Date "2025.06.27"]
[Round "11"]
[White "Przybylik, Mariusz"]
[Black "Fajks, Julian"]
[Result "1-0"]
[WhiteElo "1528"]
[BlackElo "1638"]
[PlyCount "125"]
[EventDate "2025.04.22"]
[EventType "tourn"]
[EventRounds "1"]
[EventCountry "POL"]
[SourceDate "2025.04.22"]

1. d4 Nf6 2. Nf3 d5 3. Bf4 c5 4. e3 Nc6 5. c3 Qb6 6. Qb3 c4 7. Qxb6 axb6 8.
Nbd2 Bf5 9. h3 e6 10. Nh4 Kd7 11. Nxf5 exf5 12. Be2 Bd6 13. O-O h6 14. Rfe1 g5
15. Bxd6 Kxd6 16. Bf3 g4 17. hxg4 fxg4 18. Be2 Rae8 19. Nf1 Rhg8 20. Ng3 Rg5
21. Bd1 h5 22. Bc2 Ne4 23. Nxe4+ dxe4 24. g3 b5 25. a3 f5 26. b3 h4 27. gxh4
Rg6 28. Kg2 g3 29. Rg1 cxb3 30. Bxb3 Rh8 31. Rh1 Na5 32. Ba2 gxf2+ 33. Kxf2
Rgh6 34. Kg3 Rg6+ 35. Kf2 Rgh6 36. Rag1 Rxh4 37. Rg6+ Ke7 38. Rxh4 Rxh4 39. Kg3
Rh1 40. Rb6 Ra1 41. Rxb5 b6 42. Rb2 Rc1 43. Kf4 Rxc3 44. Rxb6 Rxa3 45. Be6 Rc3
46. Bxf5 Nc4 47. Re6+ Kd7 48. Rxe4+ Kd6 49. Re8 Nb6 50. e4 Rc1 51. Re6+ Kc7 52.
d5 Rd1 53. Rc6+ Kb7 54. Ke5 Rd2 55. Be6 Re2 56. Rc5 Kb8 57. d6 Rd2 58. Rb5 Kb7
59. Bd5+ Ka6 60. Rb3 Nd7+ 61. Ke6 Nc5+ 62. Ke7 Rg2 63. Rf3 1-0

[Event "303rd YMCA Spring D"]
[Site "Warsaw"]
[Date "2025.06.24"]
[Round "11"]
[White "Dabrowski, Leszek"]
[Black "Knotek, Wiktor"]
[Result "0-1"]
[WhiteElo "1499"]
[BlackElo "1562"]
[PlyCount "62"]
[EventDate "2025.04.22"]
[EventType "tourn"]
[EventRounds "1"]
[EventCountry "POL"]
[SourceDate "2025.04.22"]

1. e4 c5 2. Nc3 Nc6 3. Bb5 g6 4. Bxc6 dxc6 5. d3 Bg7 6. f4 Nf6 7. Nf3 O-O 8.
Be3 b6 9. O-O Qc7 10. Qe1 e6 11. Qh4 h5 12. f5 exf5 13. Bf4 Qb7 14. e5 Nh7 15.
Rae1 Be6 16. Ng5 Nxg5 17. Bxg5 Qd7 18. Bf6 Qd4+ 19. Kh1 Qb4 20. Nd1 Bxa2 21.
Rf4 Qd2 22. Ne3 Bh6 23. Rf3 Bd5 24. Nxd5 cxd5 25. Qf2 Qxf2 26. Rxf2 Rfe8 27. h4
Re6 28. Ref1 Rae8 29. c3 d4 30. Bg5 Bg7 31. Bf4 f6 0-1